00593nam a2200181Ia 4500008004100000020001600041020001800057041000800075050002500083100002400108245009000132260005100222300002700273650003200300650002200332650003100354700002600385200812s9999 xx 000 0 und d a0521364604  a9780521364607 aeng aBS2715.5 b.L56 1993 aLincoln, Andrew T. aThe Theology of the Later Pauline Lettersb /cAndrew T. Lincoln; A. J. M. Wedderburn aNew York : bCambridge University Press,c1993 axi, 185 p.b; c23 cm. aBible. Colossians Theology. aPaulus (Apostel). aPaulus, Apostel, Heiliger. aWedderburn, A. J. M.